| 000 | 00744nam a2200217Ia 4500 | ||
|---|---|---|---|
| 001 | 982 | ||
| 003 | GE_BSU | ||
| 008 | 181216s||||||||xx |||||||||||||| ||und|| | ||
| 040 | _cGE_BSU | ||
| 080 | _a616.8 | ||
| 100 | _aЛурия,А.Р. | ||
| 245 | _aВысшие корковые функции человека и их нарушения при локальных поражениях мозга | ||
| 260 | _aМосква | ||
| 260 | _bМосковский ун-т | ||
| 260 | _c1969 | ||
| 300 | _a504стр. | ||
| 541 | _h12л. | ||
| 653 | _aВысшие корковые функции человека и их нарушения при локальных поражениях мозга | ||
| 653 | _aМедицина | ||
| 942 | _cBK | ||
| 999 |
_c35140 _d35140 |
||